Grandeur et misére des romanot / (Record no. 35185)

MARC details
000 -LEADER
campo de control de longitud fija 00508nam a2200169 i 4500
001 - NÚMERO DE CONTROL
campo de control 35185
003 - IDENTIFICADOR DE NÚMERO DE CONTROL
campo de control ES-MaACL
005 - FECHA Y HORA DE LA ÚLTIMA TRANSACCIÓN
campo de control 20230906155055.0
007 - CAMPO FIJO DE DESCRIPCIÓN FÍSICA--INFORMACIÓN GENERAL
campo de control de longitud fija t|
008 - DATOS DE LONGITUD FIJA--INFORMACIÓN GENERAL
campo de control de longitud fija 030212s1933 fr ||||1| fre d
100 1# - ENTRADA PRINCIPAL--NOMBRE DE PERSONA
Nombre de persona Botkine, Gleb.
9 (RLIN) 30789
245 10 - MENCIÓN DEL TÍTULO
Título Grandeur et misére des romanot /
Mención de responsabilidad, etc. Gleb Botkine ; traduit de l'anglais par Anne d'Aurier.
260 ## - PUBLICACIÓN, DISTRIBUCIÓN, ETC.
Lugar de publicación, distribución, etc. Paris :
Nombre del editor, distribuidor, etc. [E. Grevin],
Fecha de publicación, distribución, etc. 1933 (
Fabricante Imp. de Lagny)
300 ## - DESCRIPCIÓN FÍSICA
Extensión 305 p. ;
Dimensiones 19 cm.
700 1# - ENTRADA AGREGADA--NOMBRE PERSONAL
Nombre de persona Aurier, Anne d'.
9 (RLIN) 23933
852 ## - LOCALIZACIÓN
Ubicación ES-MaACL
Número de control de estantería B-12868
Holdings
Estatus retirado Estado de pérdida Estado de daño No para préstamo Biblioteca de origen Biblioteca actual Ubicación en estantería Fecha de adquisición Fuente de adquisición Total de préstamos Signatura topográfica completa Código de barras Visto por última vez Precio de reemplazo Tipo de ítem Koha
        Biblioteca del Ateneo de Madrid Biblioteca del Ateneo de Madrid Sala Pardo Bazán 17/01/2008     B-12868 1036809 23/02/2023 23/02/2023 Libro impreso